[Event "GRE-ch South U16"]
[Site "Athens"]
[Date "2020.09.01"]
[Round "7"]
[White "Nteligiorgis, Eleftherios"]
[Black "Sipsis, Tsatsoulis Georgios"]
[Result "1/2-1/2"]
[WhiteElo "1968"]
[BlackElo "1843"]
[PlyCount "117"]
[EventDate "2020.08.28"]
[EventType "swiss"]
[EventRounds "9"]
[EventCountry "GRE"]
[SourceTitle "EXT 2023"]
[Source "ChessBase"]
[SourceDate "2022.10.05"]
[SourceVersion "1"]
[SourceVersionDate "2022.10.05"]
[SourceQuality "1"]

1. e4 c5 2. Nf3 e6 3. d4 cxd4 4. Nxd4 Nc6 5. Nc3 Qc7 6. f4 a6 7. Nb3 d6 8. Bd3 Nf6 9. 0-0 b5 10. Qf3 Bb7 11. Be3 Be7 12. Qh3 Nb4 13. a3 Nxd3 14. cxd3 0-0 15. Nd4 Rac8 16. Rf3 Nd7 17. Rg3 Bf6 18. f5 e5 19. Nf3 Rfe8 20. Rf1 d5 21. Bh6 dxe4 22. Ng5 Bxg5 23. Rxg5 g6 24. dxe4 Qd6 25. Rd1 Qb6+ 26. Kh1 Nf6 27. Qf3 Rcd8 28. Rf1 Rd6 29. Rg3 b4 30. axb4 Qxb4 31. fxg6 fxg6 32. Bg5 Rf8 33. Bxf6 Rdxf6 34. Qxf6 Rxf6 35. Rxf6 Qxb2 36. Rf1 Qc2 37. Re3 a5 38. Nd5 Ba6 39. Ra1 Kg7 40. h3 Bb7 41. Kh2 a4 42. Raa3 Bxd5 43. exd5 Qc4 44. d6 Qc6 45. Rad3 e4 46. Rd4 a3 47. Rxa3 Qc5 48. Raa4 Qe5+ 49. g3 e3 50. d7 Qf6 51. Rf4 Qb2+ 52. Kg1 Qc1+ 53. Kg2 Qd2+ 54. Kf3 Qxd7 55. Kxe3 Qxh3 56. Ra7+ Kg8 57. Ra8+ Kg7 58. Ra7+ Kg8 59. Ra8+ 1/2-1/2

[Event "GRE-ch Schools Gymnasia-B 30th"]
[Site "Peristeri"]
[Date "2018.04.02"]
[Round "9"]
[White "Nomikos, Giorgos"]
[Black "Sipsis, Tsatsoulis Georgios"]
[Result "0-1"]
[WhiteElo "1637"]
[BlackElo "1497"]
[PlyCount "176"]
[EventDate "2018.04.01"]
[EventType "swiss (rapid)"]
[EventRounds "9"]
[EventCountry "GRE"]
[SourceTitle "EXT 2019"]
[Source "ChessBase"]
[SourceDate "2018.10.10"]
[SourceVersion "1"]
[SourceVersionDate "2018.10.10"]
[SourceQuality "1"]

1. d4 d5 2. g3 c6 3. Bg2 Nf6 4. Nf3 e6 5. 0-0 Bd6 6. b3 0-0 7. Bb2 Nbd7 8. Nbd2 Re8 9. c4 Nf8 10. Re1 Ng6 11. e4 dxe4 12. Nxe4 Nxe4 13. Rxe4 b6 14. Ne5 Bb7 15. Re1 Nxe5 16. dxe5 Bb4 17. Rf1 Qg5 18. Qd7 Re7 19. Qd1 Rc7 20. Qe2 Qd2 21. Rfe1 Rd7 22. a3 Bc5 23. b4 Qxe2 24. Rxe2 Bd4 25. Rd2 Rad8 26. Bxd4 Rxd4 27. Rxd4 Rxd4 28. Rc1 Ba6 29. b5 Bb7 30. bxc6 Bc8 31. h3 Kf8 32. Kf1 Ke7 33. Ke1 f6 34. f4 fxe5 35. fxe5 Rd3 36. Kf2 Kd8 37. c5 Rxa3 38. cxb6 axb6 39. Be4 g6 40. Bf3 Kc7 41. Rc2 Ra5 42. Re2 Ba6 43. Rd2 Bc8 44. Re2 Rc5 45. h4 Ra5 46. Kg2 b5 47. Rb2 Kb6 48. Kh3 Ra4 49. Be2 Ra5 50. Bf3 Ra7 51. Kg4 Rf7 52. Rb3 Ba6 53. Rb2 h5+ 54. Kg5 Rxf3 55. Kxg6 Rxg3+ 56. Kxh5 Kxc6 57. Rd2 Bc8 58. Rd8 Bd7 59. Rb8 Re3 60. Kh6 Rxe5 61. h5 Re4 62. Kh7 b4 63. h6 Rh4 64. Kg7 Rxh6 65. Kxh6 Kc5 66. Kg5 Bb5 67. Kf6 b3 68. Rc8+ Kb4 69. Rh8 Bc4 70. Rb8+ Ka3 71. Ra8+ Kb4 72. Rb8+ Kc3 73. Rb7 b2 74. Rb8 Kc2 75. Ke5 b1Q 76. Rxb1 Kxb1 77. Kd4 Bd5 78. Ke5 Kc2 79. Kd4 Kd2 80. Ke5 Ke3 81. Kf6 Ke4 82. Kg5 e5 83. Kg4 Kd3 84. Kg3 e4 85. Kf2 Kd2 86. Kf1 Ba2 87. Kg1 e3 88. Kf1 e2+ 0-1

[Event "GRE-ch Schools Gymnasia-B 30th"]
[Site "Peristeri"]
[Date "2018.04.01"]
[Round "1"]
[White "Sipsis, Tsatsoulis Georgios"]
[Black "Vlachos, Nikolaos"]
[Result "1-0"]
[WhiteElo "1497"]
[BlackElo "1260"]
[PlyCount "59"]
[EventDate "2018.04.01"]
[EventType "swiss (rapid)"]
[EventRounds "9"]
[EventCountry "GRE"]
[SourceTitle "EXT 2019"]
[Source "ChessBase"]
[SourceDate "2018.10.10"]
[SourceVersion "1"]
[SourceVersionDate "2018.10.10"]
[SourceQuality "1"]

1. d4 d5 2. c4 e6 3. Nc3 Nf6 4. Nf3 Be7 5. Bf4 0-0 6. e3 c5 7. Be2 Nc6 8. 0-0 b6 9. Rc1 Bb7 10. dxc5 Bxc5 11. cxd5 Nxd5 12. Nxd5 exd5 13. a3 a5 14. Bb5 Rc8 15. Qb3 d4 16. Rfd1 Qf6 17. Bg5 Qg6 18. Bd3 Qd6 19. Bf4 Qf6 20. Rxc5 bxc5 21. Qxb7 dxe3 22. Bxe3 Rcd8 23. Bg5 Rb8 24. Qxb8 Rxb8 25. Bxf6 gxf6 26. Rd2 Kg7 27. Be4 Ne5 28. Nxe5 fxe5 29. Kf1 Rb7 30. Bxb7 1-0